000
00176 a2200097 4500
020
_a
o425204235
041
_a
eng
100
_a
Cussler Clive
245
_a
Black Wind
942
_c
BK
999
_c
7778
_d
7778